书目信息 |
| 题名: |
制浆造纸污染控制
|
|
| 作者: | 刘秉钺 主编 | |
| 分册: | ||
| 出版信息: | 北京 中国轻工业出版社 2008 |
|
| 页数: | 273页 | |
| 开本: | 26cm | |
| 丛书名: | ||
| 单 册: | ||
| 中图分类: | X793 | |
| 科图分类: | ||
| 主题词: | 造纸工业 , 污染防治 , 制浆--造纸工业--污染防治--高等学校--教材 | |
| 电子资源: | ||
| ISBN: | 978-7-5019-6271-6 | |
| 000 | 00922nam0 2200277 450 | |
| 001 | 1158266344 | |
| 005 | 20111125161300.50 | |
| 010 | @a978-7-5019-6271-6@dCNY35.00 | |
| 090 | @aX79@blby | |
| 096 | @aX79@blby | |
| 100 | @a20080530d2008 em y0chiy50 ea | |
| 101 | 0 | @achi |
| 102 | @aCN@b110000 | |
| 105 | @ay z 000yy | |
| 200 | 1 | @a制浆造纸污染控制@b专著@f刘秉钺主编@9zhi jiang zao zhi wu ran kong zhi |
| 210 | @a北京@c中国轻工业出版社@d2008 | |
| 215 | @a273页@d26cm | |
| 300 | @a普通高等教育“十一五”国家级规划教材 高校教材 | |
| 330 | @a本书介绍了生态学和环境的基本知识,对造纸行业废水、废气、固体废物和噪声的产生机理和控制措施进行了介绍。 | |
| 606 | 0 | @a造纸工业 |
| 606 | 0 | @a污染防治 |
| 606 | 0 | @a制浆@x造纸工业@x污染防治@x高等学校@j教材 |
| 690 | @aX793@v4 | |
| 701 | 0 | @a刘秉钺@f(1948.6~)@4主编@9liu bing yue |
| 801 | 0 | @aCN@b大连网信软件有限公司图书馆·11@c20111125 |
| 905 | @aZUCC@dX793@eL588 | |
| 制浆造纸污染控制/刘秉钺主编.-北京:中国轻工业出版社,2008 |
| 273页;26cm |
| 普通高等教育“十一五”国家级规划教材 高校教材 |
| ISBN 978-7-5019-6271-6:CNY35.00 |
| 本书介绍了生态学和环境的基本知识,对造纸行业废水、废气、固体废物和噪声的产生机理和控制措施进行了介绍。 |
| ● |
| 相关链接 |
|
|
|
正题名:制浆造纸污染控制
索取号:X793/L588
 
预约/预借
| 序号 | 登录号 | 条形码 | 馆藏地/架位号 | 状态 | 备注 |
| 1 | 826168 | 208261682 | 自科库501/501自科库 111排1列6层/ [索取号:X793/L588] | 在馆 | |
| 2 | 826169 | 208261691 | 自科二线504/501自科库 111排1列6层/ [索取号:X793/L588] | 在馆 | |
| 3 | 826170 | 208261708 | 自科库501/501自科库 111排1列6层/ [索取号:X793/L588] | 在馆 |